[Event "Aragon-chT Preferente Gr I "]
[Site "Aragon"]
[Date "2018.03.03"]
[Round "6.47"]
[White "Alsina Franco, Sergi"]
[Black "Felez Casedas, Carlos"]
[Result "1/2-1/2"]
[WhiteElo "1857"]
[BlackElo "1998"]
[PlyCount "83"]
[EventDate "2018.01.27"]
[EventType "team-tourn"]
[EventRounds "9"]
[EventCountry "ESP"]
[SourceTitle "EXT 2019"]
[Source "ChessBase"]
[SourceDate "2018.10.10"]
[SourceVersion "1"]
[SourceVersionDate "2018.10.10"]
[SourceQuality "1"]
[WhiteTeam "Fraga"]
[BlackTeam "La Aurora Estadilla"]
[WhiteTeamCountry "ESP"]
[BlackTeamCountry "ESP"]

1. e4 d5 2. exd5 Qxd5 3. Nc3 Qd8 4. d4 Nf6 5. h3 e6 6. Nf3 Be7 7. Bd3 b6 8. Ne4 Bb7 9. Nxf6+ Bxf6 10. c3 Nd7 11. 0-0 0-0 12. Qe2 Re8 13. Bf4 Nf8 14. Be4 Bxe4 15. Qxe4 Ng6 16. Rfe1 Rc8 17. Bg3 c6 18. Ne5 Qd5 19. Qe2 Bxe5 20. Bxe5 Nxe5 21. dxe5 Rcd8 22. Red1 Qc5 23. c4 h6 24. b3 a5 25. Rab1 b5 26. cxb5 cxb5 27. Rbc1 Rxd1+ 28. Rxd1 Rc8 29. Rd2 Qc3 30. Rd3 Qc1+ 31. Rd1 Qc2 32. Rd2 Qb1+ 33. Kh2 Rc1 34. Rd3 Re1 35. Qf3 Rxe5 36. Rd8+ Kh7 37. Qxf7 Qf5 38. Qg8+ Kg6 39. Rf8 Qe4 40. Qf7+ Kh7 41. Qg8+ Kg6 42. Qf7+ 1/2-1/2

[Event "Aragon-chT Preferente Gr I "]
[Site "Aragon"]
[Date "2018.01.27"]
[Round "1.39"]
[White "Alsina Franco, Sergi"]
[Black "Miranda Garcia, Eduardo"]
[Result "0-1"]
[WhiteElo "1857"]
[BlackElo "1810"]
[PlyCount "76"]
[EventDate "2018.01.27"]
[EventType "team-tourn"]
[EventRounds "9"]
[EventCountry "ESP"]
[SourceTitle "EXT 2019"]
[Source "ChessBase"]
[SourceDate "2018.10.10"]
[SourceVersion "1"]
[SourceVersionDate "2018.10.10"]
[SourceQuality "1"]
[WhiteTeam "Fraga"]
[BlackTeam "Monsalud Soluzion"]
[WhiteTeamCountry "ESP"]
[BlackTeamCountry "ESP"]

1. e4 d6 2. d4 Nf6 3. Nc3 g6 4. Nf3 Bg7 5. Bc4 0-0 6. h3 a6 7. 0-0 b5 8. Bd3 Bb7 9. Re1 Nbd7 10. e5 dxe5 11. dxe5 Nd5 12. Nxd5 Bxd5 13. Bf4 Nc5 14. Bf1 Ne6 15. Bh2 c5 16. c3 Bc6 17. Nd2 Qd7 18. Qe2 Rfd8 19. Rad1 Bh6 20. Nc4 Qc7 21. Ne3 c4 22. Nc2 Rxd1 23. Rxd1 Rd8 24. Nd4 Nxd4 25. cxd4 Qa7 26. Qg4 Bd5 27. Bf4 Bf8 28. Be3 Qd7 29. Qh4 a5 30. Be2 b4 31. Bg4 e6 32. Bg5 Rc8 33. Rc1 c3 34. bxc3 Rxc3 35. Rxc3 bxc3 36. a3 Qa4 37. Bc1 Qxd4 38. Qg3 c2 0-1

[Event "Aragon-chT Preferente A"]
[Site "Aragon"]
[Date "2017.01.28"]
[Round "1.47"]
[White "Avellanas Pau, Miguel Angel"]
[Black "Alsina Franco, Sergi"]
[Result "1-0"]
[WhiteElo "1861"]
[BlackElo "1875"]
[PlyCount "67"]
[EventDate "2017.01.28"]
[EventType "team-tourn"]
[EventRounds "9"]
[EventCountry "ESP"]
[SourceTitle "EXT 2018"]
[Source "ChessBase"]
[SourceDate "2017.10.13"]
[SourceVersion "1"]
[SourceVersionDate "2017.10.13"]
[SourceQuality "1"]
[WhiteTeam "Barbastro"]
[BlackTeam "Fraga"]
[WhiteTeamCountry "ESP"]
[BlackTeamCountry "ESP"]

1. e4 c6 2. Nf3 d5 3. Nc3 dxe4 4. Nxe4 Nf6 5. Ng3 h5 6. Bc4 Bg4 7. Ne5 e6 8. f3 h4 9. Nf1 Bf5 10. d4 Nbd7 11. Qe2 Nb6 12. Ne3 Nxc4 13. Nxf5 Nd6 14. Ne3 Qb6 15. c3 0-0-0 16. a4 Nd7 17. a5 Qc7 18. h3 Nxe5 19. dxe5 Nf5 20. Nxf5 exf5 21. Be3 Qxe5 22. Bxa7 Qg3+ 23. Bf2 Qxg2 24. Rg1 Qh2 25. a6 b5 26. a7 Kb7 27. Qe3 Bc5 28. Qxc5 Rhe8+ 29. Kf1 Qxh3+ 30. Rg2 Qxf3 31. a8Q+ Rxa8 32. Qb6+ Kc8 33. Rxa8+ Kd7 34. Qd4+ 1-0

[Event "Huesca Province-ch"]
[Site "Sabinanigo"]
[Date "2016.11.05"]
[Round "4"]
[White "Aribau Rivas, Miguel Angel"]
[Black "Alsina Franco, Sergi"]
[Result "1/2-1/2"]
[WhiteElo "2052"]
[BlackElo "1881"]
[PlyCount "130"]
[EventDate "2016.10.15"]
[EventType "swiss"]
[EventRounds "7"]
[EventCountry "ESP"]
[SourceTitle "EXT 2018"]
[Source "ChessBase"]
[SourceDate "2017.10.13"]
[SourceVersion "1"]
[SourceVersionDate "2017.10.13"]
[SourceQuality "1"]

1. e4 e5 2. Nf3 Nc6 3. Bb5 a6 4. Ba4 d6 5. c3 Bd7 6. 0-0 Nf6 7. Re1 Be7 8. d3 0-0 9. Nbd2 Re8 10. Nf1 Bf8 11. Bg5 h6 12. Bh4 g6 13. Bc2 Bg7 14. h3 Qc8 15. d4 Nh5 16. dxe5 Nxe5 17. Bg3 Nxg3 18. Nxg3 Be6 19. Bb3 Bxb3 20. axb3 Nxf3+ 21. Qxf3 Qe6 22. Qd1 Re7 23. Qd5 c6 24. Qxe6 Rxe6 25. f3 Rae8 26. Red1 Be5 27. Nf1 f5 28. Nd2 fxe4 29. Nxe4 d5 30. Nc5 R6e7 31. Nd3 Bg3 32. Kf1 Kf7 33. b4 Bd6 34. Re1 Bg3 35. Rxe7+ Rxe7 36. Rd1 Kf6 37. Nf2 Bxf2 38. Kxf2 Kf5 39. g3 Rd7 40. Ke3 Ke5 41. Rd2 Rf7 42. Re2 g5 43. Kf2+ Kd6 44. Re8 Rh7 45. Ke3 Re7+ 46. Rxe7 Kxe7 47. b3 Ke6 48. Kd4 b6 49. Kd3 Ke5 50. Ke3 c5 51. bxc5 bxc5 52. b4 cxb4 53. cxb4 h5 54. h4 gxh4 55. gxh4 d4+ 56. Kd3 Kf4 57. Kxd4 Kxf3 58. Kc5 Kg4 59. Kb6 Kxh4 60. Kxa6 Kg4 61. b5 h4 62. b6 h3 63. b7 h2 64. b8Q h1Q 65. Qg8+ Kh3 1/2-1/2

[Event "La Pobla de Lillet op 26th"]
[Site "La Pobla de Lillet"]
[Date "2016.08.06"]
[Round "5.10"]
[White "Alsina Franco, Sergi"]
[Black "Junyent Llobet, Joaquim"]
[Result "0-1"]
[WhiteElo "1863"]
[BlackElo "2070"]
[PlyCount "102"]
[EventDate "2016.08.02"]
[EventType "swiss"]
[EventRounds "9"]
[EventCountry "ESP"]
[SourceTitle "EXT 2024"]
[Source "ChessBase"]
[SourceDate "2023.10.10"]
[SourceVersion "1"]
[SourceVersionDate "2023.10.10"]
[SourceQuality "1"]

1. e4 c5 2. c3 Nf6 3. e5 Nd5 4. d4 d6 5. exd6 Qxd6 6. Nf3 cxd4 7. Bb5+ Nc6 8. Bxc6+ Qxc6 9. Nxd4 Qa6 10. Qe2 Qxe2+ 11. Kxe2 e5 12. Nb5 Bd7 13. c4 Rc8 14. N5a3 Nb6 15. b3 Bf5 16. Be3 Nd7 17. Rc1 Nc5 18. Rd1 a6 19. f3 Be7 20. Rd2 0-0 21. Nc2 Rfd8 22. Bxc5 Bxc5 23. Nc3 Rxd2+ 24. Kxd2 Rd8+ 25. Nd5 Be6 26. Nce3 Bxe3+ 27. Kxe3 Bxd5 28. Rd1 f5 29. cxd5 Kf7 30. Rc1 Rd7 31. Rc5 Ke7 32. f4 Kd6 33. b4 Re7 34. fxe5+ Kxe5 35. Kf3 g6 36. g4 fxg4+ 37. Kxg4 Kd6 38. a3 Re3 39. Ra5 Re5 40. h4 h6 41. Rc5 Rxd5 42. Rc3 b5 43. Rf3 Rd4+ 44. Kg3 Ke5 45. Rc3 Rd6 46. Rc5+ Ke4 47. a4 bxa4 48. Ra5 a3 49. b5 Rd3+ 50. Kg4 axb5 51. Rxb5 h5+ 0-1

[Event "Pont Major Gerunda op 1st"]
[Site "Pont Major"]
[Date "2016.05.20"]
[Round "7"]
[White "Moles Fuentes, Jesus"]
[Black "Alsina Franco, Sergi"]
[Result "1-0"]
[WhiteElo "2007"]
[BlackElo "1870"]
[PlyCount "53"]
[EventDate "2016.04.08"]
[EventType "swiss"]
[EventRounds "9"]
[EventCountry "ESP"]
[SourceTitle "EXT 2017"]
[Source "ChessBase"]
[SourceDate "2016.10.25"]
[SourceVersion "1"]
[SourceVersionDate "2016.10.25"]
[SourceQuality "1"]

1. c4 e6 2. e4 d5 3. exd5 exd5 4. cxd5 Qxd5 5. Nc3 Qe6+ 6. Be2 b6 7. Nf3 Bb7 8. 0-0 Nd7 9. Ba6 0-0-0 10. Bxb7+ Kxb7 11. d4 Bd6 12. Qa4 Ne7 13. Re1 Qg6 14. Be3 f6 15. Rac1 Nb8 16. b4 Qe8 17. b5 a6 18. Nd2 Qh5 19. g3 Nd5 20. Nde4 a5 21. Qc4 Nxc3 22. Rxc3 Rd7 23. Nxd6+ cxd6 24. d5 Re8 25. Qd4 Ka8 26. Qxb6 Qxd5 27. Ra3 1-0

[Event "Pont Major Gerunda op 1st"]
[Site "Pont Major"]
[Date "2016.04.22"]
[Round "3"]
[White "Alsina Franco, Sergi"]
[Black "Mayor Sanchez, Angel"]
[Result "1-0"]
[WhiteElo "1870"]
[BlackElo "1952"]
[PlyCount "65"]
[EventDate "2016.04.08"]
[EventType "swiss"]
[EventRounds "9"]
[EventCountry "ESP"]
[SourceTitle "EXT 2017"]
[Source "ChessBase"]
[SourceDate "2016.10.25"]
[SourceVersion "1"]
[SourceVersionDate "2016.10.25"]
[SourceQuality "1"]

1. e4 c5 2. c3 Nf6 3. e5 Nd5 4. d4 cxd4 5. Qxd4 e6 6. Nf3 Nc6 7. Qe4 f5 8. Qe2 d6 9. g3 Be7 10. Bg2 0-0 11. 0-0 dxe5 12. Nxe5 Nxe5 13. Qxe5 Bf6 14. Qe2 Qc7 15. c4 Nb6 16. Na3 e5 17. Nb5 Qe7 18. b3 Rd8 19. Ba3 Qf7 20. Nd6 Rxd6 21. Bxd6 e4 22. Rad1 Be6 23. f3 Nxc4 24. fxe4 Re8 25. exf5 Nxd6 26. fxe6 Qc7 27. Rxf6 gxf6 28. Qg4+ Kh8 29. Qd4 Rxe6 30. Bh3 Re5 31. Qxd6 Qf7 32. Rf1 Kg7 33. Qxe5 1-0

[Event "Llinars del Valles Tardor op 6th"]
[Site "Llinars del Valles"]
[Date "2014.11.07"]
[Round "5"]
[White "Serrano Cantera, Esteban"]
[Black "Alsina Franco, Sergi"]
[Result "1-0"]
[WhiteElo "2012"]
[BlackElo "2072"]
[PlyCount "88"]
[EventDate "2014.10.03"]
[EventType "swiss"]
[EventRounds "8"]
[EventCountry "ESP"]
[SourceTitle "CBM 163 Extra"]
[Source "ChessBase"]
[SourceDate "2014.12.23"]
[SourceVersion "1"]
[SourceVersionDate "2014.12.23"]
[SourceQuality "1"]

1. d4 d6 2. c4 g6 3. Nc3 Bg7 4. e4 c5 5. d5 Nf6 6. Be2 Na6 7. h3 Bd7 8. Nf3 0-0 9. 0-0 Ne8 10. Be3 f5 11. Qd2 fxe4 12. Nxe4 Nf6 13. Ng3 Qb6 14. a3 Qb3 15. Rac1 Ne8 16. Rb1 b5 17. Rfc1 bxc4 18. Bxc4 Qb7 19. Bh6 Bxh3 20. Bxg7 Rxf3 21. gxf3 Nxg7 22. Qe2 Nb8 23. Re1 Bf5 24. Nxf5 Nxf5 25. Qe6+ Kf8 26. Qe4 Nd7 27. b4 Nf6 28. Qd3 cxb4 29. Rxb4 Qc7 30. Bb5 Rb8 31. Bc6 Rxb4 32. axb4 Qb6 33. Rb1 Nh5 34. Bd7 Nf4 35. Qd2 Qd4 36. Qxd4 Nxd4 37. Kh2 Nxf3+ 38. Kg3 Nd2 39. Ra1 Nxd5 40. b5 Ne4+ 41. Kh2 Nef6 42. Bc6 Nb4 43. Rxa7 Nxc6 44. bxc6 Nd5 1-0

[Event "Llinars del Valles Tardor op 6th"]
[Site "Llinars del Valles"]
[Date "2014.10.17"]
[Round "3"]
[White "Garcia Palomeras, Moises"]
[Black "Alsina Franco, Sergi"]
[Result "1/2-1/2"]
[WhiteElo "1873"]
[BlackElo "2072"]
[PlyCount "100"]
[EventDate "2014.10.03"]
[EventType "swiss"]
[EventRounds "8"]
[EventCountry "ESP"]
[SourceTitle "CBM 163 Extra"]
[Source "ChessBase"]
[SourceDate "2014.12.23"]
[SourceVersion "1"]
[SourceVersionDate "2014.12.23"]
[SourceQuality "1"]

1. e4 g6 2. Nf3 Bg7 3. Bc4 e6 4. c3 d5 5. exd5 exd5 6. Bb3 Qe7+ 7. Qe2 c6 8. d4 Bg4 9. Qxe7+ Nxe7 10. Bf4 Bxf3 11. gxf3 Nf5 12. Nd2 Nd7 13. Bc2 Bh6 14. Bxf5 Bxf4 15. Bh3 f5 16. Nf1 Kf7 17. Ne3 Rhe8 18. Kd2 Re7 19. Kd3 Rae8 20. Rae1 Nf6 21. b3 Nh5 22. Kd2 Bh6 23. Bf1 f4 24. Nc2 Rxe1 25. Nxe1 Nf6 26. a4 g5 27. h3 Bg7 28. Bd3 h6 29. Bf5 Re7 30. Nd3 Nd7 31. h4 Kf6 32. Bg4 b6 33. hxg5+ hxg5 34. Nb4 Nb8 35. Nd3 a5 36. Ne5 b5 37. Nd3 bxa4 38. bxa4 Rb7 39. Kc2 Re7 40. Re1 Bf8 41. Re5 Rxe5 42. Nxe5 c5 43. Bc8 Bd6 44. Ng4+ Ke7 45. Nh6 Kf6 46. Bb7 cxd4 47. cxd4 Ke6 48. Bc8+ Kf6 49. Ng4+ Ke7 50. Bb7 Ke6 1/2-1/2

[Event "La Pobla de Lillet op 24th"]
[Site "La Pobla de Lillet"]
[Date "2014.08.02"]
[Round "1"]
[White "Alsina Franco, Sergi"]
[Black "Mestre Bellido, Hector"]
[Result "0-1"]
[WhiteElo "1924"]
[BlackElo "2299"]
[PlyCount "52"]
[EventDate "2014.08.02"]
[EventType "swiss"]
[EventRounds "9"]
[EventCountry "ESP"]
[SourceTitle "EXT 2017"]
[Source "ChessBase"]
[SourceDate "2016.10.25"]
[SourceVersion "1"]
[SourceVersionDate "2016.10.25"]
[SourceQuality "1"]

1. e4 e5 2. Bc4 Nc6 3. Nc3 Nf6 4. d3 Na5 5. Bb3 Nxb3 6. axb3 d5 7. Bg5 Bb4 8. exd5 Qxd5 9. Bxf6 Qxg2 10. Qf3 Qxf3 11. Nxf3 gxf6 12. Rg1 Bf5 13. Ke2 c6 14. Ne4 Be7 15. Nfd2 a6 16. Nc4 0-0-0 17. Ng3 Bg4+ 18. f3 Be6 19. Ne3 Rhg8 20. Ngf5 Bc5 21. Rg3 Rg6 22. Ra5 Bf8 23. Ra4 Rg5 24. Nh4 Rh5 25. Neg2 Bh6 26. Re4 Bg5 0-1

[Event "Girona Territorial-ch"]
[Site "Girona"]
[Date "2013.12.01"]
[Round "9"]
[White "Bigas Hospital, Jordi"]
[Black "Alsina Franco, Sergi"]
[Result "1/2-1/2"]
[WhiteElo "1843"]
[BlackElo "1935"]
[PlyCount "141"]
[EventDate "2013.09.22"]
[EventType "swiss"]
[EventRounds "9"]
[EventCountry "ESP"]
[SourceTitle "EXT 2015"]
[Source "ChessBase"]
[SourceDate "2014.11.20"]
[SourceVersion "1"]
[SourceVersionDate "2014.11.20"]
[SourceQuality "1"]

1. e4 c6 2. d4 d5 3. e5 c5 4. c3 Bf5 5. f4 e6 6. Nf3 Nc6 7. Bd3 Bxd3 8. Qxd3 cxd4 9. Nxd4 Qb6 10. Qb5 Bc5 11. Qxb6 axb6 12. Nb3 Nge7 13. N1d2 Nf5 14. Nxc5 bxc5 15. Nf3 d4 16. cxd4 Nb4 17. Kd2 Rd8 18. a3 Nxd4 19. Nxd4 Rxd4+ 20. Kc3 Nd5+ 21. Kb3 Ke7 22. Rf1 c4+ 23. Kc2 b5 24. Bd2 Kd7 25. Rad1 Kc6 26. Bc1 Re4 27. Rfe1 Rxe1 28. Rxe1 Rd8 29. b3 cxb3+ 30. Kxb3 Nb6 31. Re3 Rd1 32. Kc2 Rf1 33. Rd3 Nd5 34. g3 Kc5 35. Rd1 Rxd1 36. Kxd1 Kc4 37. Kc2 Nc3 38. Be3 h5 39. Bf2 g6 40. Be3 Nd5 41. Bf2 f6 42. exf6 Nxf6 43. Bg1 Ng4 44. h3 Nf6 45. Bf2 Ne4 46. Be1 g5 47. fxg5 Nxg5 48. g4 hxg4 49. hxg4 Nf3 50. Bf2 e5 51. Be3 Nh4 52. g5 e4 53. Bf2 Ng6 54. Be3 Ne5 55. Bf4 Ng6 56. Be3 Ne7 57. Bf2 Kd5 58. Kc3 Nf5 59. Kb4 e3 60. Bxe3 Nxe3 61. Kxb5 Nc2 62. a4 Nd4+ 63. Kb6 Nb3 64. Kb5 Nd4+ 65. Kb4 Nc6+ 66. Kc3 Kc5 67. g6 Ne7 68. g7 Nd5+ 69. Kd3 Nf6 70. Ke3 Kb4 71. Kd4 1/2-1/2

[Event "Girona Territorial-ch"]
[Site "Girona"]
[Date "2013.10.27"]
[Round "5"]
[White "Salagran Ferragut, Eduard"]
[Black "Alsina Franco, Sergi"]
[Result "1-0"]
[WhiteElo "1586"]
[BlackElo "1935"]
[PlyCount "49"]
[EventDate "2013.09.22"]
[EventType "swiss"]
[EventRounds "9"]
[EventCountry "ESP"]
[SourceTitle "EXT 2015"]
[Source "ChessBase"]
[SourceDate "2014.11.20"]
[SourceVersion "1"]
[SourceVersionDate "2014.11.20"]
[SourceQuality "1"]

1. e4 c6 2. Nc3 d5 3. Nf3 dxe4 4. Nxe4 Nf6 5. Ng3 h5 6. h4 Bg4 7. Be2 Qc7 8. Ng5 e6 9. Bxg4 Nxg4 10. Qe2 Bc5 11. N5e4 Be7 12. Nxh5 Rxh5 13. Qxg4 g6 14. d3 Qe5 15. Qe2 Rxh4 16. Rxh4 Bxh4 17. Nc3 Qxe2+ 18. Kxe2 Nd7 19. Be3 0-0-0 20. Rh1 Rh8 21. Ne4 Kc7 22. Bg5 f5 23. Bxh4 e5 24. Ng5 Nc5 25. Rh3 1-0

[Event "Mollet del Valles op U2300 3rd"]
[Site "Mollet del Valles"]
[Date "2012.12.07"]
[Round "6"]
[White "Alsina Franco, Sergi"]
[Black "Castaneda Munoz, Antonio"]
[Result "1-0"]
[WhiteElo "1941"]
[BlackElo "1669"]
[PlyCount "53"]
[EventDate "2012.12.02"]
[EventType "swiss"]
[EventRounds "8"]
[EventCountry "ESP"]
[SourceTitle "EXT 2014"]
[Source "ChessBase"]
[SourceDate "2013.11.20"]
[SourceVersion "1"]
[SourceVersionDate "2013.11.20"]
[SourceQuality "1"]

1. e4 g6 2. d4 Bg7 3. Nf3 d6 4. Bc4 Nf6 5. Nc3 c6 6. 0-0 0-0 7. a4 Nxe4 8. Bxf7+ Rxf7 9. Nxe4 Bg4 10. Neg5 Rf5 11. h3 Bxf3 12. Nxf3 Nd7 13. c3 Qa5 14. Qb3+ Qd5 15. Qxb7 Nb6 16. a5 c5 17. Qxe7 Nc4 18. Re1 Rxf3 19. gxf3 Qxf3 20. Qe6+ Kh8 21. Qxc4 Qxh3 22. Qe6 Qh4 23. Qe4 Qd8 24. dxc5 dxc5 25. Bf4 Rc8 26. Be5 Qg5+ 27. Qg2 1-0

[Event "Girona op 1st"]
[Site "Girona"]
[Date "2010.07.19"]
[Round "7"]
[White "Alsina Franco, Sergi"]
[Black "Saurina Suner, Francesc Xavier"]
[Result "1/2-1/2"]
[WhiteElo "2008"]
[BlackElo "1895"]
[PlyCount "76"]
[EventDate "2010.07.13"]
[EventType "swiss"]
[EventRounds "9"]
[EventCountry "ESP"]
[SourceTitle "CBM 137 Extra"]
[Source "ChessBase"]
[SourceDate "2010.09.01"]
[SourceVersion "1"]
[SourceVersionDate "2010.09.01"]
[SourceQuality "1"]

1. e4 e5 2. Bb5 Nf6 3. d3 a6 4. Ba4 Bc5 5. Nf3 b5 6. Bb3 d6 7. h3 Be6 8. Nbd2 h6 9. Nf1 a5 10. c3 a4 11. Bc2 0-0 12. Ng3 Bb6 13. d4 exd4 14. Nxd4 Bc4 15. Bd3 Bxd4 16. cxd4 Bxd3 17. Qxd3 Re8 18. 0-0 Nbd7 19. Be3 Qe7 20. Qxb5 Reb8 21. Qc6 Ra7 22. Qc2 Rab7 23. Rab1 Qe6 24. d5 Qe5 25. f4 Qe8 26. Bd4 Qd8 27. a3 Rb3 28. Bc3 Nb6 29. Qd3 Nfd7 30. Qd4 Qf6 31. e5 Qg6 32. Ne4 dxe5 33. fxe5 Rb5 34. e6 fxe6 35. dxe6 Rd5 36. Qxg7+ Qxg7 37. Bxg7 Kxg7 38. exd7 Rxd7 1/2-1/2

[Event "Girona op 1st"]
[Site "Girona"]
[Date "2010.07.16"]
[Round "4"]
[White "Alsina Franco, Sergi"]
[Black "Dellonder Domenech, Esteve"]
[Result "1-0"]
[WhiteElo "2008"]
[BlackElo "1672"]
[PlyCount "30"]
[EventDate "2010.07.13"]
[EventType "swiss"]
[EventRounds "9"]
[EventCountry "ESP"]
[SourceTitle "CBM 137 Extra"]
[Source "ChessBase"]
[SourceDate "2010.09.01"]
[SourceVersion "1"]
[SourceVersionDate "2010.09.01"]
[SourceQuality "1"]

1. e4 d6 2. d4 g6 3. Nf3 Bg7 4. c3 Nf6 5. d5 Nxe4 6. Qa4+ c6 7. Qxe4 Bf5 8. Qa4 b5 9. Qd1 c5 10. Bxb5+ Nd7 11. 0-0 Rb8 12. Bd3 Bg4 13. h3 Bxf3 14. Qxf3 Ne5 15. Qe2 Qd7 1-0

[Event "Andorra op 27th"]
[Site "Arinsal"]
[Date "2009.07.18"]
[Round "1"]
[White "Alsina Franco, Sergi"]
[Black "Movsziszian, Karen"]
[Result "0-1"]
[WhiteElo "2036"]
[BlackElo "2570"]
[PlyCount "45"]
[EventDate "2009.07.18"]
[EventType "swiss"]
[EventRounds "9"]
[EventCountry "AND"]
[SourceTitle "CBM 131 Extra"]
[Source "ChessBase"]
[SourceDate "2009.09.03"]
[SourceVersion "2"]
[SourceVersionDate "2009.09.16"]
[SourceQuality "1"]

1. e4 c5 2. c3 g6 3. d4 cxd4 4. Qxd4 Nf6 5. Nf3 Nc6 6. Qa4 Qc7 7. Be2 Bg7 8. Na3 0-0 9. h3 a6 10. 0-0 d6 11. Rd1 Bd7 12. Qc2 b5 13. Bf1 Rfc8 14. Bd2 h6 15. Qc1 Kh7 16. Nc2 e5 17. a4 Na5 18. Ra3 bxa4 19. Nb4 Qb7 20. Qb1 Nc4 21. Ra2 a5 22. Bxc4 Rxc4 23. Qd3 0-1

[Event "Aragon-chT"]
[Site "Aragon"]
[Date "2009.03.28"]
[Round "9"]
[White "Alsina Franco, Sergi"]
[Black "Fabre Perez, Jose Maria"]
[Result "1/2-1/2"]
[WhiteElo "2112"]
[BlackElo "2092"]
[PlyCount "27"]
[EventDate "2009.01.24"]
[EventType "team-swiss"]
[EventRounds "9"]
[EventCountry "ESP"]
[SourceTitle "EXT 2011"]
[Source "ChessBase"]
[SourceDate "2010.11.26"]
[SourceVersion "1"]
[SourceVersionDate "2010.11.26"]
[SourceQuality "1"]

1. e4 e6 2. d4 d5 3. exd5 exd5 4. Nf3 Bd6 5. c4 dxc4 6. Bxc4 Nf6 7. 0-0 0-0 8. Nc3 Nc6 9. h3 h6 10. Qc2 Na5 11. Bd3 Be6 12. Re1 c5 13. Be3 cxd4 14. Bxd4 1/2-1/2